Will the Middle East go West? /

محفوظ في:

المؤلف الرئيسي: Utley, Freda, 1899-1978 (مؤلف)

التنسيق: كتاب

اللغة: English

منشور في: Chicago : Henry Regnery Company, 1957.

الموضوعات:

الوسوم: إضافة وسم

لا توجد وسوم, كن أول من يضع وسما على هذه التسجيلة!

رقم الطلب: DS63 .U8 1957

LEADER 00616cam a22002051 4500
003 OSt
005 20241017081937.0
008 750428s1957 ilu b 000 0 eng
999 |c 55202  |d 55202 
040 |c ARCE Library 
043 |a aw----- 
050 4 |a DS63 .U8 1957 
100 1 |a Utley, Freda,  |d 1899-1978,  |e author 
245 1 0 |a Will the Middle East go West? /  |c by Freda Utley. 
264 1 |a Chicago :  |b Henry Regnery Company,  |c 1957. 
300 |a 198 pages ;  |c 22 cm. 
504 |a Includes bibliographical references (pages 197-198). 
651 0 |a Middle East  |x Politics and government. 
901 |a reviewed 
942 |2 lcc  |c BK